LEADER 02600nam 2200577 450 001 9910816513003321 005 20170919054214.0 010 $a1-4422-5684-2 035 $a(CKB)3710000000585277 035 $a(EBL)4385466 035 $a(SSID)ssj0001601269 035 $a(PQKBManifestationID)16309637 035 $a(PQKBTitleCode)TC0001601269 035 $a(PQKBWorkID)14893777 035 $a(PQKB)10844264 035 $a(PQKBManifestationID)16314161 035 $a(PQKB)21381916 035 $a(MiAaPQ)EBC4385466 035 $a(DLC) 2015044210 035 $a(EXLCZ)993710000000585277 100 $a20160211h20162016 uy 0 101 0 $aeng 135 $aur|n|---||||| 181 $ctxt 182 $cc 183 $acr 200 10$aAmerica's national park system $ethe critical documents /$fLary M. Dilsaver 205 $a2nd ed. 210 1$aLanham, Maryland :$cRowman & Littlefield,$d2016. 210 4$d©2016 215 $a1 online resource (507 p.) 300 $aIncludes index. 311 $a1-4422-5683-4 311 $a1-4422-5682-6 327 $aContents; Foreword; Introduction to the Second Edition; Chapter One. The Early Years: 1864-1918; Chapter Two. Defining the System: 1919-1932; Chapter Three. The New Deal Years: 1933-1941; Chapter Four. The Poverty Years: 1942-1956; Chapter Five. Questions of Resource Management: 1957-1963; Chapter Six. The Ecological Revolution: 1964-1969; Chapter Seven. Transformation and Expansion: 1970-1980; Chapter Eight. A System Threatened: 1981-1996; Chapter Nine. Toward a Second Century: 1997-2015; Appendix A. Summaries of Lengthy Documents; Appendix B. Significant Court Rulings and Opinion; Index 327 $aAbout the Editor 330 $aNow in a fully updated edition, this invaluable reference work is a fundamental resource for scholars, students, conservationists, and citizens interested in America's national park system. The extensive collection of documents illustrates the system's creation, development, and management. 606 $aNational parks and reserves$zUnited States$xHistory$vSources 606 $aNational parks and reserves$xLaw and legislation$zUnited States 615 0$aNational parks and reserves$xHistory 615 0$aNational parks and reserves$xLaw and legislation 676 $a333.78/30973 700 $aDilsaver$b Lary M.$01640496 702 $aDilsaver$b Lary M. 801 0$bMiAaPQ 801 1$bMiAaPQ 801 2$bMiAaPQ 906 $aBOOK 912 $a9910816513003321 996 $aAmerica's national park system$93984063 997 $aUNINA LEADER 08297oam 2201021 c 450 001 9910293149303321 005 20260302090207.0 010 $a9783837642520 010 $a3837642526 010 $a9783839442524 010 $a3839442524 024 7 $a10.14361/9783839442524 035 $a(CKB)4100000006520150 035 $a(DE-B1597)500967 035 $a(OCoLC)1054880505 035 $a(DE-B1597)9783839442524 035 $a(transcript Verlag)9783839442524 035 $a(MiAaPQ)EBC6955993 035 $a(Au-PeEL)EBL6955993 035 $a(oapen)https://directory.doabooks.org/handle/20.500.12854/30994 035 $a(ScCtBLL)63bd4d71-ee85-408f-aed6-8cc05e303400 035 $a(Perlego)1462579 035 $a(oapen)doab30994 035 $a(EXLCZ)994100000006520150 100 $a20260302d2018 uy 0 101 0 $ager 135 $aurmu#---uuuuu 181 $ctxt$2rdacontent 182 $cc$2rdamedia 183 $acr$2rdacarrier 200 00$aJahrbuch für Kulturpolitik 2017/18$eWelt. Kultur. Politik. ? Kulturpolitik in Zeiten der Globalisierung$fUlrike Blumenreich, Sabine Dengel, Wolfgang Hippe, Norbert Sievers 205 $a1st ed. 210 $aBielefeld$ctranscript Verlag$d2018 215 $a1 online resource (514 pages) $cillustrations; digital, PDF file(s) 225 0 $aJahrbuch für Kulturpolitik 300 $aThe 2017 Yearbook of Cultural Politics focuses on the challenges of cultural politics in times of progressing globalization. 320 $aIncludes bibliographical references. 327 $aFrontmatter 1 Inhalt 5 Vorwort 9 Einleitung 11 Kulturpolitik fu?r eine Kultur der Versta?ndigung 23 Krise, Ordnung, Europa 31 Prolog. Vergessene Konstellationen 39 Ein radikaler Neuanfang fu?r ein weltoffenes Europa 51 Die populistische Revolte 63 Auf dem Weg zu einer gerechteren Welt 69 Zwischen Hyperkultur und Kulturessenzialismus. Die Spa?tmoderne im Widerstreit zweier Kulturalisierungsregime 81 Identifikation und Identita?t 91 Vorsicht! Sprache von rechts! Versuch u?ber Sprechweisen und semantische Strategien 101 Stadtkultur ist eine Kultur der Differenz 113 Gedanken zum Kulturerbe in einer sich vera?ndernden Welt 125 Kunstgeschichte, Transkulturalita?t und Kulturerbe 131 Statt »Transkulturalita?t« und »Diversita?t«: Diskriminierungskritik und Beka?mpfung von strukturellem Rassismus 139 Zwischen Transkulturalita?t und nationalistischen Fliehkra?ften. Demokratische Haltungen in kunstpa?dagogischen Prozessen bilden 151 Weiterbauen am zivilisatorischen Projekt. Oder: Wer u?ber Globalisierung spricht, darf u?ber Naturzersto?rung nicht schweigen 163 Verlernen. Entgrenzen. Vera?ndern. Notizen u?ber demokratische Selbstversta?ndigungen 169 Eintreten fu?r eine offene Welt - mit Kultur und Kulturpolitik Demokratie sta?rken 175 Die Ru?ckeroberung der Zukunft. Einige Gedanken zu »Das Kongo Tribunal« und »General Assembly« 183 Die Welt steht Kopf - was ko?nnen wir tun? 195 Wie Popkultur wirkt und welche Stro?mungen derzeit auszumachen sind. Das Selbstversta?ndnis der popula?ren Kultur 203 Qualityland, oder: Der Immersion begegnen 211 Kulturvermittler*innen vor neuen Herausforderungen 223 Der lange Weg zu einer EU-Strategie fu?r Auswa?rtige Kulturpolitik 233 Vom Dilemma der (außen-)kulturpolitischen Keuschheit: Zwischen Autonomie und Interessen 241 Nahe Ferne, weite Na?he: Internationale Kultur vor Ort 255 Grenzenlos - Nu?rnbergs transnationale Kulturarbeit 265 Die Europa?ische Kulturagenda, die Rolle der Sta?dte und die Kulturstrategie von EUROCITIES 271 The maps that shape the roads. On the place of cultural policy actors in the debate on the sustainable development of cities 277 Kunst, Gesellschaft, Politik und internationale kulturelle Zusammenarbeit zeitgema?ß erforschen. U?berlegungen zu Perspektiven der Auswa?rtigen Kulturpolitik 291 Zur Konzeption internationaler Kulturbeziehungen. Was kommt nach »Auswa?rtiger Kulturpolitik«, »Cultural Diplomacy« und »Soft Power«? 301 Spiegelbilder - Kulturelle Zusammenarbeit und Zivilgesellschaft 315 »Kultur mit allen« statt »Kultur fu?r alle«. Demokratisierung von Kunst und Kultur im 21. Jahrhundert 329 Grenzen eines homogenen Kulturversta?ndnisses u?berwinden. Vera?nderungen von Aufgaben und Selbstversta?ndnis des Kulturmanagements durch Internationalisierung 341 Kultur und Konflikte. Die Rolle der Kulturarbeit bei nationalen und internationalen Konflikten 349 Der Leitfaden zur Erfassung von statistischen Daten fu?r die Kultur- und Kreativwirtschaft 359 Kulturelle Partizipation in Deutschland. Verbreitung und soziale Differenzierung 377 Erkla?rung der Kulturpolitischen Gesellschaft zum 9. Kulturpolitischen Bundeskongress 397 Chronik kulturpolitischer und kultureller Ereignisse in den Jahren 2015 und 2016 401 Bibliografie kulturpolitischer Neuerscheinungen 2015 und 2016 427 Kulturpolitische Institutionen, Gremien, Verba?nde 507 Autor*innen 513 330 $aWir erleben eine Zeitenwende ? in unserer globalisierten Welt verweben sich zunehmend politische, ökonomische, ökologische und kulturelle Prozesse. Die neue Vielfalt und der damit verbundene anstehende Paradigmenwechsel fordern die Kulturpolitik auf allen Ebenen. Das traditionelle kulturpolitische Verhältnis von Innen und Außen steht ebenso zur Debatte wie die Identitätspolitik, der Umgang mit kulturellem Erbe und Diversität, die Rolle der Künstler sowie die Inhalte und Formen der kulturellen Bildung und Kulturvermittlung.Das Jahrbuch für Kulturpolitik 2017/18 versammelt neben Vorträgen des 9. Kulturpolitischen Bundeskongresses 2017 »Welt.Kultur.Politik.« weitere Beiträge u.a. von Pankaj Mishra, Ulrike Guérot, Monika Grütters, Milo Rau, Andreas Reckwitz, Monica Juneja, Wolfgang Merkel, Birgit Mandel, Sigmar Gabriel und Harald Welzer. 330 1 $a»Zu empfehlen ist die Lektüre allen, die sich mit internationaler Kulturpolitik und den Auswirkungen der Globalisierung auseinandersetzen wollen.« 330 1 $aBesprochen in:Kulturpolitische Mitteilungen, 165/2 (2019), Dorothea Kolland 410 0$aJahrbuch fu?r Kulturpolitik ;$vBand 16. 517 2 $aBlumenreich et al. (Hg.), Jahrbuch für Kulturpolitik 2017/2018$eWelt. Kultur. Politik. ? Kulturpolitik in Zeiten der Globalisierung 606 $aKulturpolitik 606 $aCultural Policy 606 $aGlobalization 606 $aGlobalisierung 606 $aEuropa 606 $aEurope 606 $aKulturförderung 606 $aCultural Funding 606 $aKultur 606 $aCulture 606 $aPolitik 606 $aPolitics 606 $aPolitikwissenschaft 606 $aPolitical Science 606 $aKulturmanagement 606 $aCultural Management 615 4$aKulturpolitik 615 4$aCultural Policy 615 4$aGlobalization 615 4$aGlobalisierung 615 4$aEuropa 615 4$aEurope 615 4$aKulturförderung 615 4$aCultural Funding 615 4$aKultur 615 4$aCulture 615 4$aPolitik 615 4$aPolitics 615 4$aPolitikwissenschaft 615 4$aPolitical Science 615 4$aKulturmanagement 615 4$aCultural Management 676 $a300 702 $aBlumenreich$b Ulrike$p

Ulrike Blumenreich, Institut für Kulturpolitik der Kulturpolitischen Gesellschaft e.V. Bonn, Deutschland

$4edt 702 $aDengel$b Sabine$p

Sabine Dengel, Bundeszentrale für politische Bildung Bonn, Deutschland

$4edt 702 $aHippe$b Wolfgang$p

Wolfgang Hippe, Institut für Kulturpolitik der Kulturpolitischen Gesellschaft e.V. (Bonn), Deutschland

$4edt 702 $aSievers$b Norbert$p

Norbert Sievers, Institut für Kulturpolitik der Kulturpolitischen Gesellschaft e.V. Bonn, Deutschland

$4edt 712 02$aInstitut fu?r Kulturpolitik der Kulturpolitischen Gesellschaft, 712 12$aKulturpolitischer Bundeskongress$d(9.$f2017$eBerlin). 801 0$bDE-B1597 801 1$bDE-B1597 906 $aBOOK 912 $a9910293149303321 996 $aJahrbuch fu?r Kulturpolitik 2017$94293810 997 $aUNINA